000 00439nam a2200169Ia 4500
008 230917s9999||||xx |||||||||||||| ||und||
020 _cRS595
040 _e235739
_aMAIN
041 _aEnglish
082 _a338.4791 D643T
100 _aDixit, sourabh
245 0 _aTourism management
260 _aNew Delhi
_bAph Publishing
_c2012
300 _axv, 195 p.
500 _a2455 22/11/2016 PBA16/990 29/11/2016 Main Budget
942 _cBK
999 _c19786
_d19786